Nightmare - Avenged Sevenfold - Statistics

General Stats
  • This quiz has been taken 59 times
  • The average score is 8 of 13
Answer Stats
Track Listing Song Name % Correct
Track 1 Nightmare
97%
Track 2 Welcome To The Family
84%
Track 4 Buried Alive
81%
Track 6 So Far Away
77%
Track 7 God Hates Us
71%
Track 3 Danger Line
65%
Track 10 Fiction
65%
Track 11 Save Me
65%
Track 8 Victim
58%
Track 5 Natural Born Killer
52%
Track 9 Tonight The World Dies
45%
Track 12 (Bonus Track) Lost It All
23%
Track 13 (Bonus Track) 4:00 AM
6%
No matching quizzes found
Score Distribution
Percent of People with Each Score
Percentile by Number Answered
Your Score History
You have not taken this quiz